LEADER 00934nam a2200253 i 4500 001 000000151573 003 CaOOAMICUS 005 20060705000000.0 008 060705s1971 it u000 u ita u 013 $a128912 040 $aSeMil$bita 100 1 $aGrazzini, Giovanni <1925->.$0(OLS)http://semarc/name/7384 245 10$aSol?enicyn /$cdi Giovanni Grazzini. 260 $aMilano :$bLonganesi & C.,$ccopyr. 1971. 300 $a322 p. ;$c19 cm. 490 0 $aGente famosa ;$vVolume32 500 $aContiene : Nota bibliografica. - Fondo Ciprandi. 830 0$aGente famosa ;$vVolume32.$0(OLS)http://semarc/title/21139 850 $aSeMil 852 $aSeMil$W1$xVenegono$y1$m1D II 135$j103599$B103599$CSeMilBibl$Z2$F112642 $81 941 1 $a1 961 $aOmaggio: Ciprandi dott. Paolo 996 $6245$aSol?enicyn$9(OLS)http://semarc/title/221525 996 $6260$aMilano :$bLonganesi & C.$9(OLS)http://semarc/publisher/31590 LEADER 01131nam a2200241 i 4500 001 000000107750 003 CaOOAMICUS 005 20180112000000.0 008 180112s1891 it u000 u ita u 013 $a80211 040 $aSeMil$bita 100 1 $aMoltke, Helmuth Karl Bernhard : von.$0(OLS)http://semarc/name/92838 245 10$aStoria della guerra franco-germanica del 1870-71 /$cdel Conte Helmut von Moltke ; con un'appendice sul preteso consiglio di guerra nelle guerre del Re Guglielmo 1. 250 $a2. Ed. 260 $aMilano :$bFratelli Treves,$c1891. 300 $a407 p., 1 c. geogr. ripieg. ;$c23 cm. 500 $aLa carta geogr. è stata tagliata e asportata. 650 4$aGuerra franco-prussiana <1870-1871>.$0(OLS)http://semarc/subject/44790 650 4$aGermania - Storia - Sec. 19.$0(OLS)http://semarc/subject/4156 850 $aSeMil 852 $aSeMil$W1$xVenegono$y1$m3T III 20 FA$j63846$B63846$CSeMilBibl$Z2$F220703 $8I 996 $6245$aStoria della guerra franco-germanica del 1870-71$9(OLS)http://semarc/title/407184 996 $6260$aMilano :$bFratelli Treves$9(OLS)http://semarc/publisher/30212